000 00566cam a2200193 4500500
005 20260329004932.0
041 _afre
042 _adc
100 1 0 _aPortevin, Catherine
_eauthor
245 0 0 _aNotre vagabonde liberté
260 _c2021.
500 _a20
690 _aCheval
690 _aGaspard Kœnig
690 _aLibéralisme
690 _aMontaigne
786 0 _nPhilosophie magazine | 152 | 9 | 2021-09-01 | p. 75-76 | 1951-1787
856 4 1 _uhttps://shs.cairn.info/magazine-philosophie-magazine-2021-9-page-75?lang=fr&redirect-ssocas=7080
999 _c1838701
_d1838701